000 00613nam a22002297a 4500
003 UA-OsUOA
001 35409
007 ta
008 20051125b un ||||| |||| 00| 0 ukr d
090 _a32:159.9
_bП50
942 _cBK
040 _aUA-OsUOA
_bukr
_cUA-OsUOA
_dUA-OsUOA
245 _aПолітична психологія
_bнавчальний посібник
_cза ред. С. О. Матвєєва
300 _a216 с.
955 _a2
041 _aukr
080 _a32:159.9
020 _a966-8253-03-5
260 _aК.
_bЦУЛ
_c2003
650 7 _a32 Політика
_2UDC
999 _c321774
_d321774